Office and administrative management: System analysis, data processing and office service (Record no. 122595)

MARC details
000 -LEADER
fixed length control field 00444nam a2200157Ia 4500
008 - FIXED-LENGTH DATA ELEMENTS--GENERAL INFORMATION
fixed length control field 230917s9999||||xx |||||||||||||| ||und||
040 ## - CATALOGING SOURCE
-- 36329
Original cataloging agency VIVEKANANDA LIBRARY
041 ## - Language
-- English
082 ## - DDC NUMBER
Classification number 658.3 L73O
100 ## - MAIN ENTRY--PERSONAL NAME
Personal name Littlefield, C L
245 #0 - TITLE STATEMENT
Title Office and administrative management: System analysis, data processing and office service
250 ## - EDITION STATEMENT
Edition statement 3rd ed.
260 ## - PUBLICATION, DISTRIBUTION, ETC. (IMPRINT)
Place of publication, distribution, etc New Delhi
Name of publisher, distributor, etc Prentice-Hall
Date of publication, distribution, etc 1971
300 ## - PHYSICAL DESCRIPTION
Pages x, 530 p.
942 ## - ADDED ENTRY ELEMENTS (KOHA)
Koha item type Books
Holdings
Withdrawn status Lost status Damaged status Not for loan Location (home branch) Sublocation or collection (holding branch) Date acquired Koha issues (times borrowed) Koha full call number Accession No. Koha date last seen Koha item type
        VIVEKANANDA LIBRARY VIVEKANANDA LIBRARY 29/08/2002   658.3 L73O 21730 17/09/2023 Books
        VIVEKANANDA LIBRARY VIVEKANANDA LIBRARY 29/08/2002   658.3 L73O 27171 17/09/2023 Books
© Designed and Maintained by Vivekananda Library, MDU Rohtak